| 000 | 00555nam a22001937a 4500 | ||
|---|---|---|---|
| 999 |
_c12941 _d12941 |
||
| 003 | AR-CdUCM | ||
| 008 | 190410b ||||| |||| 00| 0 spa d | ||
| 040 |
_aMUNICIPALIDAD PROVINCIAL DEL CUSCO _cBIBLIOTECA MUNICIPAL DEL CUSCO |
||
| 082 |
_aES / 373.800 / _bM97 |
||
| 100 |
_aMurillo Benich, Hugo _94877 |
||
| 245 | _aParaíso / | ||
| 260 |
_aLa Paz : _bHisbol ; _c1990. |
||
| 300 |
_a127 páginas ; _c19cm |
||
| 505 | _aContenido: Cuentos | ||
| 650 |
_aLiteratura _983 |
||
| 650 |
_aCuentos _9312 |
||
| 942 |
_2ddc _cLIBROS |
||
| 945 |
_anom _d2019-04-10 |
||